Pulse, Digital & Switching Waveforms (Record no. 1424)

MARC details
000 -LEADER
fixed length control field 00412nam a2200169Ia 4500
008 - FIXED-LENGTH DATA ELEMENTS--GENERAL INFORMATION
fixed length control field 221030s9999 xx 000 0 und d
020 ## - INTERNATIONAL STANDARD BOOK NUMBER
ISBN 0074622447
041 ## - LANGUAGE CODE
Language code of text/sound track or separate title
082 ## - DEWEY DECIMAL CLASSIFICATION NUMBER
Classification number 105.23
Item number Mil
100 ## - MAIN ENTRY--AUTHOR NAME
Personal name J. Millman
245 #0 - TITLE STATEMENT
Title Pulse, Digital & Switching Waveforms
Statement of responsibility, etc by J. Millman, H. Taub
260 ## - PUBLICATION, DISTRIBUTION, ETC. (IMPRINT)
Name of publisher Tata Mcgraw Hill
Year of publication 2001
300 ## - PHYSICAL DESCRIPTION
Number of Pages 958
650 ## - SUBJECT ADDED ENTRY--TOPICAL TERM
Topical Term ECE
700 ## - ADDED ENTRY--PERSONAL NAME
Personal name H. Taub
942 ## - ADDED ENTRY ELEMENTS (KOHA)
Koha item type Books
Holdings
Accession Number Cost, normal purchase price Full call number Price effective from Koha item type Withdrawn / writtenoff status Materials specified (bound volume or other part) Damaged status Not for loan Permanent Location Current Location Shelving location Date acquired Lost/ Missing status department
BE 5800 413.00 105.23 Mil 10/30/2022 Books   Print     MIET Library, Jammu MIET Library, Jammu BL-Academic Block- A, FL-1, CUP-10, SH-4, R-4 08/01/2002   BE
BE 4830 270.00 105.23 Mil 10/30/2022 Books   Print     MIET Library, Jammu MIET Library, Jammu BL-Academic Block- A, FL-1, CUP-10, SH-4, R-4 03/18/2002   BE
BE 4831 270.00 105.23 Mil 10/30/2022 Books   Print     MIET Library, Jammu MIET Library, Jammu BL-Academic Block- A, FL-1, CUP-10, SH-4, R-4 03/18/2002   BE
BE 5799 270.00 105.23 Mil 10/30/2022 Books   Print     MIET Library, Jammu MIET Library, Jammu BL-Academic Block- A, FL-1, CUP-10, SH-4, R-4 08/01/2002   BE